Top 10 Countries that Produce the most Lemons & Limes - Statistics

General Stats
  • This quiz has been taken 54 times
  • The average score is 8 of 10
Answer Stats
Production Answer % Correct
2,623,202 China
96%
3,776,000 India
96%
1,632,109 Brazil
94%
3,102,046 Mexico
89%
938,030 United States
89%
863,240 Spain
87%
1,826,356 Argentina
72%
1,323,000 Turkey
57%
508,349 Iran
55%
779,335 South Africa
55%
No matching quizzes found
Score Distribution
Percent of People with Each Score
Percentile by Number Answered
Your Score History
You have not taken this quiz